01384nam a2200337Ia 4500001001200000003000800012006001900020007001500039008004100054010001700095020001800112020001500130040002100145035002100166050002300187245013100210260006900341300002600410490004800436504005100484533015200535650003800687650003400725650003300759655002900792700001800821710001700839830004900856856012600905999001501031ebr10276583CaPaEBRm u cr cn|||||||||080820s2009 enka sb 001 0 eng d z 2008034289 z9780754672401 z0754672409 aCaPaEBRcCaPaEBR a(OCoLC)32234967614aPE1691b.W5 2009eb00aWhat's in a word-list?h[electronic resource] :binvestigating word frequency and keyword extraction /cedited by Dawn Archer. aFarnham, England ;aBurlington, VT :bAshgate Pub. Ltd.,cc2009. axviii, 179 p. :bill.1 aDigital research in the arts and humanities aIncludes bibliographical references and index. aElectronic reproduction.bPalo Alto, Calif. :cebrary,d2011.nAvailable via World Wide Web.nAccess may be limited to ebrary affiliated libraries. 0aEnglish languagexWord frequency. 0aEnglish languagexWord order. 0aEnglish languagexEtymology. 7aElectronic books.2local1 aArcher, Dawn.2 aebrary, Inc. 0aDigital research in the arts and humanities.40uhttp://site.ebrary.com/lib/rucke/Doc?id=10276583zAn electronic book accessible through the World Wide Web; click to view c5482d5482